000 01019nam a2200301 i 4500
003 DO-SdBNP
005 20240322082750.0
007 ta
008 240322b202- dr ac||| |||| 00| 0 spa d
020 _a9789945185287
040 _aDO-SdBNPHU
_bspa
_cBNPHU
_erda
082 4 _222
100 _aPantaleón, Doris,
_973962
_eautora
245 1 _aJuntos lloramos :
_bhistorias que no se olvidan /
_cDoris Pantaleón ; correcció, Juan Salazar ; revisión, Daniel Johnson ; presentación, Marcos Espinal ; prólogo, Miguel Franjul
264 _aSanto Domingo :
_bBúho,
_c202?.
300 _a307 páginas :
_bilustraciones, retratos ;
_c23 cm.
336 _2rdacontent
_atexto
_btxt
337 _2rdamedia
_asin mediación
_bn
338 _2rdacarrier
_avolumen
_bnc
500 _aIncluye datos biográficos de la autora en las solapas
590 _aInventariado, 2024/BT
700 1 _ecorrección
700 1 _erevisión
700 1 _epresentación
700 1 _eprólogo
910 _aBtavárez
942 _2ddc
_cLBS1
999 _c56175
_d56175